| 000 | 01562nam a2200385 i 4500 | ||
|---|---|---|---|
| 001 | 22358764 | ||
| 003 | EG-ScBUE | ||
| 005 | 20230307044459.0 | ||
| 008 | 211221t2022 nyu f b 001 0 eng d | ||
| 020 | _a9781260012002 | ||
| 020 | _a126001200X | ||
| 040 |
_aDLC _beng _erda _cDLC _dEG-ScBUE |
||
| 082 | 0 | 4 |
_a621.31242 _222 _bPET |
| 100 | 1 |
_aPetrovic, Slobodan _c(Professor of Engineering), _eauthor. |
|
| 245 | 1 | 0 |
_aElectrochemical energy storage : _bbatteries, fuel cells, and hydrogen technologies / _cSlobodan Petrovic, Peter Kurzweil, Jürgen Garche. |
| 264 | 1 |
_aNew York : _bMcGraw Hill, _c[2022] |
|
| 264 | 4 | _cc2022 | |
| 300 |
_axvii, 254 pages : _billustrations ; _c24 cm |
||
| 336 |
_atext _btxt _2rdacontent |
||
| 337 |
_aunmediated _bn _2rdamedia |
||
| 338 |
_avolume _bnc _2rdacarrier |
||
| 504 | _aIncludes bibliographical references and index. | ||
| 520 |
_a"This is a textbook for a new course in traditional engineering departments and a growing set of renewable energy engineering departments that target the exploding markets for renewable energy storage"-- _cProvided by publisher. |
||
| 650 | 7 |
_aElectric batteries. _2BUEsh |
|
| 650 | 7 |
_aElectrochemistry. _2BUEsh |
|
| 650 | 7 |
_aFuel cells. _2BUEsh |
|
| 653 |
_bEENERGYY _cMarch2023 |
||
| 655 | _vReading book | ||
| 700 | 1 |
_aKurzweil, Peter, _eauthor. |
|
| 700 | 1 |
_aGarche, Jürgen, _eauthor. |
|
| 906 |
_a7 _bcbc _corignew _d1 _eecip _f20 _gy-gencatlg |
||
| 942 |
_2ddc _cBB |
||
| 999 |
_c30226 _d30197 |
||